| 000 | 00390nam a2200169Ia 4500 | ||
|---|---|---|---|
| 001 | 8709 | ||
| 003 | GE_BSU | ||
| 008 | 181216s||||||||xx |||||||||||||| ||und|| | ||
| 020 | _a9770013061220 02 | ||
| 040 | _cGE_BSU | ||
| 245 | 4 | _aThe Economist, January 11th-17th 2014 | |
| 245 | _bNumber 8869.Volume 410 | ||
| 260 | _c2014 | ||
| 300 | _a78p.30sm. | ||
| 653 | _aThe Economist | ||
| 942 | _cCR | ||
| 999 |
_c42021 _d42021 |
||